=LDR 00000nam 2200000 4500 =001 INLIS000000000027509 =005 20130612125859 =008 ***********************************Ind** =035 ##$$0010-061300000027509 =041 ##$$a Ind =082 ##$$a 005.369 =090 ##$$a 005.369, Yan m =100 ##$$a Yani,Ahmad =245 ##$$a Mempercepat kinerja komputer, Ahmad Yani =260 ##$$a 2006 $b Jakarta =300 ##$$a viii,98 hlm, ilus, 22 cm =650 ##$$a Komputer-Mempercepat kinerja =850 ##$$a NBPNMAT